|
|
|
|
| LEADER |
00946pam a22002658a 4500 |
| 001 |
00041424 |
| 005 |
20180502100512.0 |
| 008 |
110506s2003 ||||||Viesd |
| 020 |
# |
# |
|c 800
|
| 041 |
0 |
# |
|a Vie
|
| 082 |
1 |
4 |
|a 909
|b S450T
|
| 100 |
1 |
# |
|a Trương, Hữu Quýnh
|e Chủ biên
|
| 245 |
0 |
0 |
|a Sổ tay kiến thức lịch sử
|c Trương Hữu Quýnh (ch.b); Lê Mậu Hãn, Lê Đình Hà
|b Phần lịch sử Việt Nam
|
| 250 |
# |
# |
|a Tái bản lần thứ hai, có sửa chữa và bổ sung
|
| 260 |
# |
# |
|a Hà Nội
|b Giáo dục
|c 2003
|
| 300 |
# |
# |
|a 245 tr.
|c 21 cm.
|
| 653 |
# |
# |
|a Kiến thức
|
| 653 |
# |
# |
|a Lịch sử
|
| 653 |
# |
# |
|a Nhân vật
|
| 653 |
# |
# |
|a Việt Nam
|
| 700 |
1 |
# |
|a Lê, Mậu Hãn
|
| 700 |
1 |
# |
|a Lê, Đình Hà
|
| 852 |
# |
# |
|j KD.0023665
|
| 910 |
|
|
|d 02/05/2018
|
| 980 |
# |
# |
|a Trung tâm Học liệu Lê Vũ Hùng, Trường Đại học Đồng Tháp
|